Personagens jogáveis de Injustice Gods Among Us Ultimate - Statistics

Estatísticas Gerais
  • Esse quiz foi jogado 41 vezes
  • A pontuação média é 18 de 30
Estatísticas das Respostas
Personagens % Correto
Batman
100%
Superman
97%
Flash
94%
Mulher Maravilha
94%
Coringa
89%
Lanterna Verde
81%
Arlequina
69%
Asa Noturna
69%
Ciborgue
69%
Aquaman
67%
Arqueiro Verde
67%
Lex Luthor
67%
Mulher Gato
67%
Ravena
64%
Adão Negro
58%
Shazam
56%
Mulher Gavião
53%
Caçador de Marte
50%
Batgirl
47%
Scorpion
47%
Solomon Grundy
44%
Apocalypse
42%
Ares
42%
Bane
42%
Exterminador
39%
Sinestro
39%
Zatanna
39%
General Zod
33%
Lobo
33%
Nevasca
25%
Nenhum quiz correspondente encontrado
Distribuição das Pontuações
Porcentagem de Pessoas com Cada Pontuação
Percentil de Números Respondidos
Sua Pontuação Histórica
Você não jogou esse quiz